00854 2200325 4500001002100000005001500021035002000036007000300056008004100059020002200100082001200122084001800134100001600152245009700168260003900265300003000304650003600334700001800370250001000388500001100398504003100409990001100440990001100451990001100462990001100473990001100484990001100495990001100506990001100517INLIS00000000000242220190114121419 a0010-1118000025ta190114 g 0 ind  a978-602-7874-99-2 aR.923.1 aR.923.1 ADE e0 aADE, Makruf1 aEnsiklopedia Presiden Republik Indonesia :bSBY /cAde Makruf, dkk; penyunting, Meita Sandra aYogyakarta :bAr-ruzz Media,c2016 ajil.6, 213 hlm. ;c21 cm. aPRESIDEN INDONESIA. BIBLIOGRAFI0 aMEITA, Sandra acet.1 aIndeks aBibliografi : hlm. 199-205 a6026 a a6026 b a6026 a a6026 b a6026 b a6026 a a6026 b a6026 a